00953 a2200229 45000010006000000050017000060080041000230030015000640400040000790800038001192450118001570200022002752640030002973000019003275050187003460410008005331000019005417000021005607000019005817000024006008560099006244505420260407155726.0260407a2011 arg spa dAR-UNSa-BCEJYS aAR-UNSa-BCEJYSbspacAR-UNSa-BCEJYS a331.5xMercado de Trabajo. Empleo10aInformalidad laboral en la provincia de MendozapCaracterísticas y políticas para promover la formalización a978-92-2-325605-0 1aBuenos Aires :bOITc2011 a118 p.c30 cm. a1.Caracterización de la informalidad en la Provincia de Mendoza – 2. Políticas en la Provincia de Mendoza destinadas a aumentar la formalidad – 3. Consideraciones finales.  aspa1 aMercau, Raúl1 aBertranou, Fabio1 aJardel, Silvia1 aGonzález, Rodrigo41uhttps://www.biblioeco.unsa.edu.ar/pmb/images/libros/L127076.jpgyImagen de portadaqimage/jpeg